[Event "Championnat de Ligue Individuel"]
[Site "Vendin les Bethune"]
[Date "2010.??.??"]
[Round "5.7"]
[White "Bocquet, David"]
[Black "Delboe, Charles"]
[Result "1/2-1/2"]
[WhiteElo "1767"]
[BlackElo "1833"]
[PlyCount "79"]
[EventDate "2008.??.??"]
[EventType "swiss"]
[EventRounds "7"]
[EventCountry "FRA"]
[WhiteTeamCountry "FRA"]
[BlackTeamCountry "FRA"]

1. c4 e5 2. Nc3 Nf6 3. Nf3 Nc6 4. e4 Bc5 5. Nxe5 Bxf2+ 6. Kxf2 Nxe5 7. Be2 d6
8. Rf1 Nfg4+ 9. Kg1 Qh4 10. h3 Nf6 11. d4 Nc6 12. Rf4 Qg3 13. Rf3 Qh4 14. Nd5
Nxd5 15. exd5 Qxd4+ 16. Re3+ Kd8 17. dxc6 Qxd1+ 18. Bxd1 bxc6 19. Rg3 Be6 20.
b3 g6 21. Bb2 Re8 22. Re3 Kd7 23. Bf3 Rab8 24. Rae1 h5 25. Bf6 c5 26. g4 c6 27.
gxh5 gxh5 28. Bxh5 Bxh3 29. Bxf7 Rf8 30. Re7+ Kc8 31. Re8+ Kb7 32. Rxb8+ Rxb8
33. Re7+ Kb6 34. Re8 Rxe8 35. Bxe8 Bf5 36. a3 Bc2 37. b4 cxb4 38. axb4 Bb3 39.
Bf7 c5 40. b5 1/2-1/2

[Event "Championnat de Ligue Individuel"]
[Site "Vendin les Bethune"]
[Date "2010.??.??"]
[Round "2.10"]
[White "Bocquet, David"]
[Black "Dupont, Daniel Noel"]
[Result "1-0"]
[WhiteElo "1767"]
[BlackElo "1540"]
[PlyCount "83"]
[EventDate "2008.??.??"]
[EventType "swiss"]
[EventRounds "7"]
[EventCountry "FRA"]
[WhiteTeamCountry "FRA"]
[BlackTeamCountry "FRA"]

1. c4 Nf6 2. g3 e6 3. Bg2 Nc6 4. Nc3 Be7 5. b3 O-O 6. Bb2 d6 7. d4 d5 8. cxd5
Nxd5 9. e3 Bf6 10. Nge2 Nxc3 11. Bxc3 Re8 12. Rc1 Ne7 13. Ba5 Nd5 14. O-O Nb6
15. Qc2 Re7 16. Rfd1 Rb8 17. Nf4 Na8 18. d5 b6 19. dxe6 Qe8 20. Bc6 Qf8 21. Bb4
Bxe6 22. Bxe7 Qxe7 23. Nxe6 Qxe6 24. Bxa8 Rxa8 25. Qxc7 Qe8 26. Qd7 Qxd7 27.
Rxd7 Bd8 28. Rcd1 Bf6 29. Rb7 Kf8 30. Rdd7 Ke8 31. Rxf7 a6 32. g4 h6 33. h4 b5
34. g5 hxg5 35. hxg5 Bxg5 36. Rxg7 Bh6 37. Rg8+ Bf8 38. Rh7 Rd8 39. Rhh8 Kf7
40. Rxf8+ Rxf8 41. Rxf8+ Kxf8 42. Kg2 1-0

[Event "Championnat de Ligue Individuel"]
[Site "Vendin les Bethune"]
[Date "2010.??.??"]
[Round "3.6"]
[White "Bocquet, David"]
[Black "Mestdagh, Franck"]
[Result "1/2-1/2"]
[WhiteElo "1767"]
[BlackElo "1936"]
[PlyCount "65"]
[EventDate "2008.??.??"]
[EventType "swiss"]
[EventRounds "7"]
[EventCountry "FRA"]
[WhiteTeamCountry "FRA"]
[BlackTeamCountry "FRA"]

1. c4 Nf6 2. g3 e6 3. Bg2 d5 4. cxd5 exd5 5. d4 Bd6 6. Nc3 c6 7. e3 Bf5 8. Bd2
Nbd7 9. Rc1 O-O 10. Nf3 Ne4 11. Nxe4 Bxe4 12. Nh4 Bxg2 13. Nxg2 Nf6 14. Qb3 Qb6
15. O-O Qxb3 16. axb3 Ne4 17. Bc3 a5 18. f3 Nxc3 19. bxc3 a4 20. bxa4 Rxa4 21.
Rb1 b5 22. Rfc1 Re8 23. Rc2 f5 24. Kf2 Rea8 25. Re1 Rc4 26. Ke2 b4 27. Kd3 Ra3
28. Rec1 b3 29. Rb2 Bb4 30. Nf4 Ra2 31. Rxb3 Bd6 32. Ne2 Kf7 33. Rc2 1/2-1/2

[Event "Open International d'Ambès 2010"]
[Site "Ambes"]
[Date "2010.??.??"]
[Round "7.14"]
[White "Bordas, Laurent"]
[Black "Lagunes, Jean Renaud"]
[Result "0-1"]
[WhiteElo "1601"]
[BlackElo "2107"]
[PlyCount "70"]
[EventDate "2010.04.??"]
[EventType "swiss"]
[EventRounds "9"]
[EventCountry "FRA"]
[WhiteTeamCountry "FRA"]
[BlackTeamCountry "FRA"]

1. d4 Nf6 2. c4 g6 3. Nc3 Bg7 4. e4 d6 5. Nf3 O-O 6. Be2 Nc6 7. O-O Bg4 8. Be3
a5 9. a4 Nd7 10. Qd2 Bxf3 11. Bxf3 e5 12. d5 Nd4 13. Qd1 Nc5 14. Ra3 Qe7 15.
Nb5 Nxf3+ 16. Qxf3 Na6 17. Qe2 f5 18. exf5 gxf5 19. Bc1 Rf7 20. Rh3 f4 21. f3
Kh8 22. Re1 Qf6 23. Qd3 Bh6 24. Kh1 Rg8 25. Nc3 Nc5 26. Qc2 Rfg7 27. Rg1 Bg5
28. b3 Qg6 29. Ne4 Be7 30. g4 Nxe4 31. fxe4 Qe8 32. Qe2 Qd7 33. Rh6 Rxg4 34.
Rxg4 Qxg4 35. Qf2 Qd1+ 0-1

[Event "Open International d'Ambès 2010"]
[Site "Ambes"]
[Date "2010.??.??"]
[Round "5.19"]
[White "Bordas, Laurent"]
[Black "Marimon, Frederic"]
[Result "1-0"]
[WhiteElo "1601"]
[BlackElo "1667"]
[PlyCount "83"]
[EventDate "2010.04.??"]
[EventType "swiss"]
[EventRounds "9"]
[EventCountry "FRA"]
[WhiteTeamCountry "FRA"]
[BlackTeamCountry "FRA"]

1. d4 Nf6 2. c4 e5 3. dxe5 Ng4 4. Nf3 Bc5 5. e3 Nc6 6. Bd3 Ngxe5 7. Nxe5 Nxe5
8. Be2 d6 9. O-O O-O 10. Nc3 Be6 11. b3 a6 12. Bf3 Nxf3+ 13. Qxf3 c6 14. Bb2 f6
15. Rad1 Qe7 16. Qg3 Kh8 17. Rd2 Rad8 18. Rfd1 Rd7 19. h3 Rfd8 20. a3 Bb6 21.
e4 Bc7 22. Qe3 Qe8 23. Kh1 Bb8 24. Ne2 Bg8 25. Nc3 b5 26. cxb5 axb5 27. Ne2 d5
28. f3 dxe4 29. Rxd7 Rxd7 30. Rxd7 Qxd7 31. fxe4 Qd1+ 32. Ng1 Qxb3 33. Qc1 Qe6
34. Qe3 Be5 35. Bc1 Qc4 36. Ne2 b4 37. axb4 Qxb4 38. Nf4 Qd4 39. Qf3 c5 40. Nd3
Bd6 41. Bb2 Qc4 42. Bxf6 1-0

[Event "Open International d'Ambès 2010"]
[Site "Ambes"]
[Date "2010.??.??"]
[Round "2.19"]
[White "Bordas, Laurent"]
[Black "Van Eeckhout, Guy"]
[Result "1-0"]
[WhiteElo "1601"]
[BlackElo "1725"]
[PlyCount "22"]
[EventDate "2010.04.??"]
[EventType "swiss"]
[EventRounds "9"]
[EventCountry "FRA"]
[WhiteTeamCountry "FRA"]
[BlackTeamCountry "FRA"]

1. d4 Nf6 2. Bg5 e6 3. e4 Be7 4. Bd3 c5 5. Nf3 cxd4 6. Nxd4 Qb6 7. Nb3 Nc6 8.
O-O d5 9. N1d2 O-O 10. Be3 Qc7 11. exd5 exd5 1-0

[Event "Championnat de Ligue Individuel"]
[Site "Vendin les Bethune"]
[Date "2010.??.??"]
[Round "4.9"]
[White "Bougel, Claude"]
[Black "Groux, Lionel"]
[Result "1-0"]
[WhiteElo "1821"]
[BlackElo "1619"]
[PlyCount "53"]
[EventDate "2008.??.??"]
[EventType "swiss"]
[EventRounds "7"]
[EventCountry "FRA"]
[WhiteTeamCountry "FRA"]
[BlackTeamCountry "FRA"]

1. c4 c5 2. Nc3 e6 3. Nf3 Nf6 4. e3 Nc6 5. Be2 e5 6. d4 cxd4 7. exd4 exd4 8.
Nxd4 Bc5 9. Be3 Qb6 10. Ndb5 Bxe3 11. fxe3 O-O 12. Qd2 Re8 13. Nd5 Nxd5 14.
cxd5 Ne5 15. Rc1 d6 16. Nc7 Ng4 17. Nxa8 Qd8 18. O-O Nxe3 19. Rf3 Qg5 20. Rxe3
Qd8 21. Rxe8+ Qxe8 22. Nc7 Qd7 23. Qe3 Kf8 24. Bb5 Qd8 25. Qe8+ Qxe8 26. Nxe8
a6 27. Rxc8 1-0

[Event "LUCOPEN 01st Op"]
[Site "Lille"]
[Date "2010.??.??"]
[Round "2.10"]
[White "Briet, Guillaume"]
[Black "Vernay, Clovis"]
[Result "1/2-1/2"]
[WhiteElo "2081"]
[BlackElo "2440"]
[PlyCount "131"]
[EventDate "2010.04.??"]
[EventType "swiss"]
[EventRounds "7"]
[EventCountry "FRA"]
[WhiteTeamCountry "FRA"]
[BlackTeamCountry "FRA"]

1. e4 e6 2. d4 d5 3. Nc3 Bb4 4. e5 b6 5. Qg4 Bf8 6. Bg5 Qd7 7. f4 Ba6 8. Bxa6
Nxa6 9. Qe2 Nb4 10. O-O-O Nc6 11. g4 Bb4 12. Qf3 h6 13. Bh4 Nge7 14. Nge2 O-O-O
15. f5 Rde8 16. Rhf1 Bxc3 17. Nxc3 h5 18. Bxe7 Qxe7 19. h3 Qg5+ 20. Kb1 hxg4
21. hxg4 Kb7 22. Ne2 Rh4 23. Rg1 Na5 24. b3 Kb8 25. Rdf1 Rh2 26. Rh1 Reh8 27.
fxe6 fxe6 28. Rxh2 Rxh2 29. Nf4 Rh6 30. Nh5 Rg6 31. Nf4 Rh6 32. Nh5 Kb7 33. c4
Nc6 34. cxd5 Qg6+ 35. Ka1 Nxd4 36. Qc3 Qe4 37. Rc1 c5 38. dxc6+ Nxc6 39. Nxg7
Rg6 40. Ne8 Qxe5 41. Qxe5 Nxe5 42. Nd6+ Ka6 43. Rc7 Rxg4 44. a4 Ka5 45. Rxa7+
Kb4 46. Rb7 Rg1+ 47. Kb2 Rg2+ 48. Kc1 Kc3 49. Ne4+ Kd4 50. Rxb6 Kxe4 51. Rxe6
Kd4 52. Re8 Kc3 53. Kd1 Nd7 54. Rc8+ Kb4 55. Rd8 Nc5 56. Rb8+ Kc3 57. Ke1 Ne4
58. Rd8 Ng3 59. a5 Re2+ 60. Kd1 Ra2 61. Ke1 Ne4 62. b4 Nd2 63. Ke2 Nc4+ 64. Kf3
Kxb4 65. a6 Rxa6 66. Kf4 1/2-1/2

[Event "Condom op 10th"]
[Site "Condom"]
[Date "2010.??.??"]
[Round "1.25"]
[White "Broly, Marine"]
[Black "Forestie, Pierre"]
[Result "0-1"]
[WhiteElo "1730"]
[BlackElo "2076"]
[PlyCount "78"]
[EventDate "2010.07.??"]
[EventType "swiss"]
[EventRounds "9"]
[EventCountry "FRA"]
[WhiteTeamCountry "FRA"]
[BlackTeamCountry "FRA"]

1. e4 d5 2. exd5 Nf6 3. d4 Nxd5 4. Bc4 e6 5. Nf3 Be7 6. O-O O-O 7. Re1 b6 8.
Bd2 Bb7 9. Nc3 c5 10. dxc5 Bxc5 11. Ne4 Be7 12. Bg5 Nd7 13. Nd6 Bc6 14. Bxd5
Bxd5 15. c4 Bxf3 16. Qxf3 Bxg5 17. Rad1 Qf6 18. Qg3 Bf4 19. Qf3 Bxd6 20. Qxf6
Nxf6 21. Rxd6 Rfd8 22. Red1 Rxd6 23. Rxd6 Kf8 24. Rc6 Rd8 25. Kf1 Ke7 26. b4
Kd7 27. b5 Ne4 28. f3 Nc5 29. Ke2 e5 30. Ke3 f5 31. g3 Rf8 32. a3 f4+ 33. gxf4
Rxf4 34. a4 Nxa4 35. Kd3 Nc5+ 36. Ke3 Rxc4 37. Kd2 Rh4 38. Kc3 Rf4 39. Kd2 Rxf3
0-1

[Event "Condom op 10th"]
[Site "Condom"]
[Date "2010.??.??"]
[Round "5.37"]
[White "Broly, Mathilde"]
[Black "Boutillon, Nathanael"]
[Result "0-1"]
[WhiteElo "1681"]
[BlackElo "1628"]
[PlyCount "66"]
[EventDate "2010.07.??"]
[EventType "swiss"]
[EventRounds "9"]
[EventCountry "FRA"]
[WhiteTeamCountry "FRA"]
[BlackTeamCountry "FRA"]

1. e4 e5 2. Nf3 Nc6 3. Bc4 Bc5 4. c3 Nf6 5. d4 exd4 6. cxd4 Bb4+ 7. Bd2 Bxd2+
8. Nbxd2 O-O 9. d5 Ne7 10. O-O d6 11. Re1 Re8 12. Nh4 Ng6 13. Nxg6 hxg6 14. h3
Re5 15. f4 Rh5 16. e5 dxe5 17. fxe5 Nxd5 18. Qf3 Be6 19. Nb3 c6 20. Nc5 Qb6 21.
Qf2 Rf5 22. Qd4 Rf4 23. Re4 Rxe4 24. Qxe4 Qxc5+ 25. Kh2 Bf5 26. Qe2 Ne3 27. Rc1
Qxe5+ 28. Kg1 Nxc4 29. Qxc4 Rd8 30. Kh1 Qd5 31. Qh4 Be4 32. Rg1 g5 33. Qg4 Qf5
0-1

[Event "FRA T U 20"]
[Site "Mulhouse"]
[Date "2010.??.??"]
[Round "1.1"]
[White "Brunier, Jules"]
[Black "Netzer, Jacques"]
[Result "0-1"]
[WhiteElo "2004"]
[BlackElo "2174"]
[PlyCount "78"]
[EventDate "2010.??.??"]
[EventType "match"]
[EventCountry "FRA"]
[WhiteTeamCountry "FRA"]
[BlackTeamCountry "FRA"]

1. e4 e5 2. Nf3 Nc6 3. Bc4 Bc5 4. d3 Nf6 5. c3 a6 6. Bb3 Ba7 7. Bc2 O-O 8. O-O
d5 9. Qe2 Bg4 10. h3 Bh5 11. Rd1 d4 12. Nbd2 b5 13. a3 Ne8 14. Nf1 Bxf3 15.
Qxf3 Ne7 16. Bg5 f6 17. Bb3+ Kh8 18. Ng3 Nd6 19. Bd2 f5 20. exf5 Nexf5 21. Nxf5
Rxf5 22. Qe2 dxc3 23. Be3 cxb2 24. Qxb2 Bxe3 25. fxe3 Qg5 26. Qe2 Raf8 27. Bd5
Qg3 28. Rf1 Rxf1+ 29. Rxf1 Rxf1+ 30. Kxf1 Nf5 31. Bf3 Qg5 32. Kf2 Qe7 33. Bg4
Nh6 34. Kg1 Qxa3 35. Qf3 Qa1+ 36. Kh2 Nxg4+ 37. Qxg4 Qa2 38. Qc8+ Qg8 39. Qxa6
Qe8 0-1

[Event "FRA T U 20"]
[Site "Mulhouse"]
[Date "2010.??.??"]
[Round "2.1"]
[White "Brunier, Jules"]
[Black "Wurtz, Guillaume"]
[Result "1/2-1/2"]
[WhiteElo "2004"]
[BlackElo "1834"]
[PlyCount "88"]
[EventDate "2010.??.??"]
[EventType "match"]
[EventCountry "FRA"]
[WhiteTeamCountry "FRA"]
[BlackTeamCountry "FRA"]

1. e4 c5 2. c3 Qa5 3. Nf3 Nc6 4. Bd3 d6 5. h3 Nf6 6. Qe2 g6 7. Bc2 Bg7 8. O-O
O-O 9. Na3 a6 10. Nc4 Qc7 11. a4 Bd7 12. d3 b5 13. axb5 axb5 14. Rxa8 Rxa8 15.
Ne3 e6 16. Bb3 b4 17. Bd2 bxc3 18. Bxc3 Ne7 19. e5 Nfd5 20. Nxd5 Nxd5 21. Bxd5
exd5 22. exd6 Qxd6 23. Bxg7 Kxg7 24. Rc1 Be6 25. Qe3 d4 26. Qg5 Rc8 27. Qd2 Qb6
28. Ng5 Bd5 29. b4 Qb7 30. bxc5 h6 31. Ne4 Bxe4 32. dxe4 Qxe4 33. Rc4 Qd5 34.
Rxd4 Qxc5 35. Kh2 Qc1 36. Qe2 Qg5 37. h4 Qf5 38. Re4 h5 39. Qe3 Qd7 40. Rd4 Qf5
41. Rf4 Qc5 42. Qb3 Rc7 43. Qb2+ Qc3 44. Qb5 Qc5 1/2-1/2

[Event "2eme Open Tarn Nord"]
[Site "Blaye les Mines"]
[Date "2010.??.??"]
[Round "4.4"]
[White "Buiten, Herman"]
[Black "Auge, Jean"]
[Result "1/2-1/2"]
[WhiteElo "1740"]
[BlackElo "1941"]
[PlyCount "21"]
[EventDate "2006.??.??"]
[EventType "swiss"]
[EventRounds "7"]
[EventCountry "FRA"]
[WhiteTeamCountry "FRA"]
[BlackTeamCountry "FRA"]

1. b4 e5 2. a3 d5 3. Bb2 f6 4. Nf3 Be6 5. e3 Nd7 6. Be2 c5 7. b5 Bd6 8. d3 Ne7
9. Nbd2 a6 10. a4 O-O 11. c4 {Suite Illisible} 1/2-1/2

[Event "2eme Open Tarn Nord"]
[Site "Blaye les Mines"]
[Date "2010.??.??"]
[Round "1.1"]
[White "Buiten, Herman"]
[Black "Forestie, Pierre"]
[Result "0-1"]
[WhiteElo "1740"]
[BlackElo "2020"]
[PlyCount "42"]
[EventDate "2006.??.??"]
[EventType "swiss"]
[EventRounds "7"]
[EventCountry "FRA"]
[WhiteTeamCountry "FRA"]
[BlackTeamCountry "FRA"]

1. b4 Nf6 2. Bb2 e6 3. a3 c5 4. b5 d5 5. e3 Bd6 6. Nf3 O-O 7. c4 b6 8. d4 Bb7
9. Be2 a6 10. a4 axb5 11. axb5 Rxa1 12. Bxa1 Qc7 13. g3 dxc4 14. O-O cxd4 15.
Bxd4 Rc8 16. Nfd2 Bd5 17. Bf3 Nbd7 18. Qc2 Ne5 19. e4 Nxf3+ 20. Nxf3 Bxe4 21.
Qe2 Bd3 0-1

[Event "Condom op 10th"]
[Site "Condom"]
[Date "2010.??.??"]
[Round "1.6"]
[White "Bujisho, Benjamin"]
[Black "Calatrava, Julian"]
[Result "1-0"]
[WhiteElo "2418"]
[BlackElo "1868"]
[PlyCount "61"]
[EventDate "2010.07.??"]
[EventType "swiss"]
[EventRounds "9"]
[EventCountry "FRA"]
[WhiteTeamCountry "FRA"]
[BlackTeamCountry "FRA"]

1. d4 Nf6 2. c3 b6 3. Bg5 Bb7 4. Nd2 d5 5. Bxf6 exf6 6. g3 Bd6 7. Bg2 O-O 8. e3
c6 9. Ne2 Nd7 10. O-O f5 11. c4 Nf6 12. Nc3 dxc4 13. Nxc4 Ba6 14. Qa4 Bxc4 15.
Qxc4 Rc8 16. Rfd1 Qd7 17. Rac1 b5 18. Qb3 Qe7 19. Rc2 a5 20. a4 b4 21. Ne2 c5
22. Rdc1 Ne4 23. Qd5 Rfd8 24. Qxf5 b3 25. Rc4 Nd2 26. R4c3 c4 27. Rd1 g6 28.
Qb5 Rb8 29. Qa6 Ra8 30. Bxa8 Qf8 31. Bg2 1-0

[Event "Condom op 10th"]
[Site "Condom"]
[Date "2010.??.??"]
[Round "5.5"]
[White "Bujisho, Benjamin"]
[Black "Choisy, Mathilde"]
[Result "1-0"]
[WhiteElo "2418"]
[BlackElo "2168"]
[PlyCount "41"]
[EventDate "2010.07.??"]
[EventType "swiss"]
[EventRounds "9"]
[EventCountry "FRA"]
[WhiteTeamCountry "FRA"]
[BlackTeamCountry "FRA"]

1. d4 Nf6 2. c3 d6 3. Bg5 Nbd7 4. Nd2 g6 5. e4 Bg7 6. Ngf3 O-O 7. Bc4 c6 8. Bb3
Qc7 9. O-O b5 10. Re1 e5 11. a4 Bb7 12. axb5 cxb5 13. h3 Rfe8 14. d5 Nc5 15.
Bc2 a5 16. Nh2 Nh5 17. Ng4 f6 18. Be3 Bf8 19. Rc1 Bc8 20. b4 Nd7 21. Bd3 {
suite illisible} 1-0

[Event "Condom op 10th"]
[Site "Condom"]
[Date "2010.??.??"]
[Round "3.7"]
[White "Bujisho, Benjamin"]
[Black "Forestie, Pierre"]
[Result "1/2-1/2"]
[WhiteElo "2418"]
[BlackElo "2076"]
[PlyCount "125"]
[EventDate "2010.07.??"]
[EventType "swiss"]
[EventRounds "9"]
[EventCountry "FRA"]
[WhiteTeamCountry "FRA"]
[BlackTeamCountry "FRA"]

1. e4 e5 2. Nf3 Nc6 3. Bb5 Bc5 4. O-O Nd4 5. Nxd4 Bxd4 6. c3 Bb6 7. d4 c6 8.
Ba4 d6 9. Be3 Ne7 10. dxe5 dxe5 11. Qxd8+ Kxd8 12. Bxb6+ axb6 13. Bb3 f6 14.
Nd2 Kc7 15. Rfd1 Rd8 16. Nc4 Bg4 17. f3 Bh5 18. Kf2 b5 19. Ne3 Be8 20. g3 Rxd1
21. Rxd1 Rd8 22. Rxd8 Kxd8 23. f4 Kc7 24. h4 Kd6 25. Kf3 Bd7 26. f5 Be8 27. g4
c5 28. Be6 c4 29. b3 cxb3 30. axb3 Kc5 31. b4+ Kd6 32. g5 Bh5+ 33. Kg3 fxg5 34.
hxg5 Nc6 35. Bd5 Ke7 36. f6+ gxf6 37. Nf5+ Kd7 38. gxf6 Nd8 39. Nh6 Kd6 40. Kh4
Bg6 41. Kg4 Kd7 42. Ng8 Bf7 43. Kf5 Bxd5 44. exd5 Nf7 45. Ne7 Kd6 46. Ke4 Ng5+
47. Kf5 Nf7 48. Ke4 Ng5+ 49. Kd3 h5 50. c4 bxc4+ 51. Kxc4 Kd7 52. Ng6 Kd6 53.
Nh4 b5+ 54. Kxb5 Kxd5 55. Ka6 Ke6 56. b5 Ne4 57. b6 Kxf6 58. Kb5 Ke6 59. Kc6
Nd6 60. Nf5 Nc4 61. Ng7+ Ke7 62. Nxh5 Nxb6 63. Kxb6 1/2-1/2

[Event "LUCOPEN 01st Op"]
[Site "Lille"]
[Date "2010.??.??"]
[Round "4.60"]
[White "Caloone, Claire"]
[Black "Messinger, Karl"]
[Result "0-1"]
[WhiteElo "1300"]
[BlackElo "1902"]
[PlyCount "55"]
[EventDate "2010.04.??"]
[EventType "swiss"]
[EventRounds "7"]
[EventCountry "FRA"]
[WhiteTeamCountry "FRA"]
[BlackTeamCountry "FRA"]

1. e4 c5 2. Bc4 Nc6 3. Nf3 g6 4. O-O Bg7 5. Nc3 e6 6. d3 Nge7 7. Bg5 O-O 8. Re1
a6 9. Qd2 b5 10. Nxb5 axb5 11. Bxb5 Qb6 12. Bxc6 Nxc6 13. b3 Qb4 14. Qe2 Bxa1
15. Rxa1 Nd4 16. Nxd4 Qxd4 17. c3 Qxc3 18. Rc1 Qg7 19. Rxc5 Bb7 20. Qe3 Rac8
21. Rxc8 Rxc8 22. h3 f6 23. Bh6 Qe7 24. Bf4 e5 25. Bg3 Qc5 26. Qxc5 Rxc5 27. b4
Rc1+ 28. Kh2 0-1

[Event "2eme Open Tarn Nord"]
[Site "Blaye les Mines"]
[Date "2010.??.??"]
[Round "5.5"]
[White "Canivet, Christophe"]
[Black "Buiten, Herman"]
[Result "1-0"]
[WhiteElo "1865"]
[BlackElo "1740"]
[PlyCount "44"]
[EventDate "2006.??.??"]
[EventType "swiss"]
[EventRounds "7"]
[EventCountry "FRA"]
[WhiteTeamCountry "FRA"]
[BlackTeamCountry "FRA"]

1. e4 c5 2. Nf3 Nc6 3. d4 cxd4 4. Nxd4 e6 5. Nc3 a6 6. Be3 g6 7. Be2 Bg7 8. O-O
Nge7 9. f4 O-O 10. Bg4 f5 11. exf5 exf5 12. Bf3 d5 13. Nxc6 bxc6 14. Bc5 Be6
15. Re1 Qd7 16. Bxe7 Qxe7 17. Nxd5 cxd5 18. Rxe6 Qc5+ 19. Kh1 Qb5 20. Qe2 Qa4
21. Rxa6 Qxf4 22. Bxd5+ Kh8 1-0

[Event "2eme Open Tarn Nord"]
[Site "Blaye les Mines"]
[Date "2010.??.??"]
[Round "3.7"]
[White "Canivet, Christophe"]
[Black "Serra, Michel"]
[Result "1-0"]
[WhiteElo "1865"]
[BlackElo "1600"]
[PlyCount "41"]
[EventDate "2006.??.??"]
[EventType "swiss"]
[EventRounds "7"]
[EventCountry "FRA"]
[WhiteTeamCountry "FRA"]
[BlackTeamCountry "FRA"]

1. e4 e5 2. f4 d5 3. exd5 e4 4. Nc3 Nf6 5. Bc4 Bc5 6. d4 exd3 7. Qxd3 O-O 8.
Bd2 Ng4 9. Ne4 Re8 10. O-O-O Rxe4 11. Qxe4 Nf2 12. Qf3 Bg4 13. Qg3 Bxd1 14. Bc3
f6 15. Qh4 Na6 16. Nh3 Nxh1 17. Kxd1 Kh8 18. Bd3 h6 19. g4 Qxd5 20. g5 fxg5 21.
Qxh6+ 1-0

[Event "2eme Open Tarn Nord"]
[Site "Blaye les Mines"]
[Date "2010.??.??"]
[Round "7.6"]
[White "Canivet, Christophe"]
[Black "Valente, Alexandre"]
[Result "1-0"]
[WhiteElo "1865"]
[BlackElo "1700"]
[PlyCount "47"]
[EventDate "2006.??.??"]
[EventType "swiss"]
[EventRounds "7"]
[EventCountry "FRA"]
[WhiteTeamCountry "FRA"]
[BlackTeamCountry "FRA"]

1. e4 c5 2. Nf3 d6 3. d4 cxd4 4. Nxd4 Nf6 5. Nc3 a6 6. Bd3 e6 7. Be3 Be7 8. O-O
O-O 9. f4 Nc6 10. Nf3 Qc7 11. h3 Rd8 12. g4 b5 13. g5 Nd7 14. Nh4 Bb7 15. e5 d5
16. Qh5 g6 17. Nxg6 fxg6 18. Bxg6 hxg6 19. Qxg6+ Kf8 20. Qxe6 Nc5 21. Qh6+ Ke8
22. e6 d4 23. Qg6+ Kf8 24. Qf7# 1-0

[Event "2eme Open Tarn Nord"]
[Site "Blaye les Mines"]
[Date "2010.??.??"]
[Round "2.3"]
[White "Caron, Jean Marie"]
[Black "Canivet, Christophe"]
[Result "1-0"]
[WhiteElo "1938"]
[BlackElo "1865"]
[PlyCount "53"]
[EventDate "2006.??.??"]
[EventType "swiss"]
[EventRounds "7"]
[EventCountry "FRA"]
[WhiteTeamCountry "FRA"]
[BlackTeamCountry "FRA"]

1. c4 e5 2. Nc3 Nf6 3. g3 d5 4. cxd5 Nxd5 5. Bg2 Be6 6. Nf3 Nc6 7. d3 Nxc3 8.
bxc3 e4 9. dxe4 Qxd1+ 10. Kxd1 O-O-O+ 11. Kc2 Bd6 12. Nd4 Bc4 13. Nxc6 bxc6 14.
Bf3 Bc5 15. Bg4+ Kb7 16. f4 h5 17. Bf3 f6 18. Rd1 Rxd1 19. Kxd1 Bf2 20. Rb1+
Kc8 21. a4 Bg1 22. Ke1 Bxh2 23. Kf2 h4 24. Bg4+ Kd8 25. Rb8+ Ke7 26. Rxh8 hxg3+
27. Kf1 1-0

[Event "2eme Open Tarn Nord"]
[Site "Blaye les Mines"]
[Date "2010.??.??"]
[Round "5.4"]
[White "Caron, Jean Marie"]
[Black "Devecchi, Jorge"]
[Result "1-0"]
[WhiteElo "1938"]
[BlackElo "1750"]
[PlyCount "21"]
[EventDate "2006.??.??"]
[EventType "swiss"]
[EventRounds "7"]
[EventCountry "FRA"]
[WhiteTeamCountry "FRA"]
[BlackTeamCountry "FRA"]

1. c4 f5 2. Nc3 Nf6 3. Nf3 e6 4. d4 Be7 5. e3 O-O 6. Bd3 b6 7. Nd2 Bb7 8. f3
Na6 9. a3 c5 10. d5 Nc7 11. e4 {Suite illisible} 1-0

[Event "2eme Open Tarn Nord"]
[Site "Blaye les Mines"]
[Date "2010.??.??"]
[Round "6.3"]
[White "Caron, Jean Marie"]
[Black "Saunders, Mark A"]
[Result "0-1"]
[WhiteElo "1938"]
[BlackElo "1860"]
[PlyCount "65"]
[EventDate "2006.??.??"]
[EventType "swiss"]
[EventRounds "7"]
[EventCountry "FRA"]
[WhiteTeamCountry "FRA"]
[BlackTeamCountry "FRA"]

1. c4 e5 2. Nc3 d6 3. g3 f5 4. Bg2 Nf6 5. Nf3 Be7 6. d4 e4 7. Ng5 Nc6 8. O-O
O-O 9. f3 h6 10. Nh3 exf3 11. exf3 Bd7 12. Re1 Rb8 13. Be3 a6 14. Qd2 Qe8 15.
Re2 Qf7 16. b3 Rbe8 17. Rae1 Nd8 18. d5 c6 19. f4 Ng4 20. Bb6 Bf6 21. Kh1 Rxe2
22. Nxe2 Re8 23. Bf3 h5 24. Nhg1 c5 25. Bc7 Qe7 26. Qa5 Nf7 27. Qb6 Qe3 28.
Bxd6 Qf2 29. Bxg4 Qxe1 30. Bxh5 Rxe2 31. Bxe2 Bd4 32. Kg2 Qxg1+ 33. Kh3 0-1

[Event "Open International d'Ambès 2010"]
[Site "Ambes"]
[Date "2010.??.??"]
[Round "7.19"]
[White "Chansavang, Albain"]
[Black "Font, Bernard"]
[Result "0-1"]
[WhiteElo "1652"]
[BlackElo "1762"]
[PlyCount "50"]
[EventDate "2010.04.??"]
[EventType "swiss"]
[EventRounds "9"]
[EventCountry "FRA"]
[WhiteTeamCountry "FRA"]
[BlackTeamCountry "FRA"]

1. g3 Nf6 2. Bg2 Nc6 3. d4 d5 4. c3 e6 5. Nf3 Be7 6. O-O O-O 7. Re1 Bd7 8. Nbd2
Rb8 9. e4 dxe4 10. Re2 exf3 11. Nxf3 Re8 12. Bf4 Bd6 13. Ne5 Bf8 14. Rb1 Nxe5
15. dxe5 Nd5 16. Rd2 Qc8 17. Bxd5 exd5 18. Rxd5 Bc6 19. Rd2 Qh3 20. f3 Qh5 21.
Rf2 Bc5 22. Qe2 Bxf3 23. Qc4 Bxf2+ 24. Kxf2 Bc6 25. b4 Qf3+ 0-1

[Event "Open International d'Ambès 2010"]
[Site "Ambes"]
[Date "2010.??.??"]
[Round "3.18"]
[White "Chansavang, Albain"]
[Black "Lambert, Robert"]
[Result "1/2-1/2"]
[WhiteElo "1652"]
[BlackElo "1811"]
[PlyCount "97"]
[EventDate "2010.04.??"]
[EventType "swiss"]
[EventRounds "9"]
[EventCountry "FRA"]
[WhiteTeamCountry "FRA"]
[BlackTeamCountry "FRA"]

1. g3 Nf6 2. Bg2 g6 3. c3 Bg7 4. d4 d5 5. Bf4 Nbd7 6. Nf3 O-O 7. O-O Nh5 8. Be3
c6 9. Qd2 e5 10. Bg5 Qe8 11. dxe5 Nxe5 12. Nxe5 Qxe5 13. Qe3 Re8 14. Re1 Nf6
15. Nd2 Bg4 16. h3 Qd6 17. Qd3 Be6 18. e4 Qd7 19. e5 Bf5 20. Qd4 Ne4 21. Nxe4
dxe4 22. Qxd7 Bxd7 23. Rxe4 Rxe5 24. Rxe5 Bxe5 25. Re1 Re8 26. h4 Bg7 27. Rd1
Bf5 28. Be3 a6 29. Kh2 h5 30. Bh3 Bxh3 31. Kxh3 Re7 32. Kg2 Bf6 33. Kf1 Re8 34.
Rd7 Re7 35. Rd2 Re8 36. Bc5 Rd8 37. Re2 Rd1+ 38. Kg2 Rd7 39. Bb6 Kg7 40. Be3
Be7 41. f4 f5 42. Kf3 Kf7 43. Bd4 Bf6 44. Be5 Rd3+ 45. Kf2 Rd5 46. Kf3 Rd3+ 47.
Kf2 Rd5 48. Kf3 Rd3+ 49. Kf2 1/2-1/2